Normal view MARC view

Entry Nombre personal

Number of records used in: 8

001 - NÚMERO DE CONTROL

  • campo de control: 1113

003 - IDENTIFICADOR DE NÚMERO DE CONTROL

  • campo de control: DLC

005 - FECHA Y HORA DE LA ÚLTIMA TRANSACCIÓN

  • campo de control: 20260423191319.0

008 - ELEMENTOS DE DATO DE LONGITUD-FIJA

  • campo de control de longitud fija: 800721n| azannaabn |a aaa

010 ## - NÚMERO DE CONTROL DE LA BIBLIOTECA DEL CONGRESO

  • Número de control de LC: n 50034387

035 ## - NÚMERO DE CONTROL DEL SISTEMA

  • Número de control de sistema: (OCoLC)oca00069710

040 ## - FUENTE DE CATALOGACIÓN

  • Centro catalogador/agencia de origen: DLC
  • Lengua de catalogación: eng
  • Normas de descripción: rda
  • Centro/agencia transcriptor: DLC
  • Centro/agencia modificador: DLC
  • Centro/agencia modificador: InU

046 ## - FECHAS CON CODIFICACIÓN ESPECIAL

  • Fecha de nacimiento: 1914-07-22
  • Fecha de la muerte: 2009-07-18
  • Fuente del esquema de fecha: edtf

100 1# - ENCABEZAMIENTO-NOMBRE DE PERSONA

  • Nombre de persona: Casson, Lionel,
  • Fechas asociadas al nombre: 1914-2009

370 ## - LUGAR ASOCIADO

  • Lugar de nacimiento: Brooklyn (New York, N.Y.)
  • Lugar de fallecimiento: Manhattan (New York, N.Y.)
  • Fuente del término: naf

372 ## - CAMPO DE ACTIVIDAD

  • Campo de actividad: Classicism in literature
  • Campo de actividad: Underwater archaeology
  • Fuente del término: lcsh

373 ## - GRUPO ASOCIADO

  • Grupo asociado: New York University
  • Fuente del término: naf

374 ## - OCUPACIÓN

  • Ocupación: Classicists
  • Ocupación: University and college faculty members
  • Fuente del término: lcdgt

400 1# - TRAZADO DE VÉASE--NOMBRE DE PERSONA

  • Nombre de persona: Cohen, Lionel I.,
  • Fechas asociadas al nombre: 1914-2009

670 ## - FUENTE DE DATOS ENCONTRADOS

  • Cita de la fuente: Burriss, E. E.
  • Información encontrada: Latin and Greek in current use, 1939.

670 ## - FUENTE DE DATOS ENCONTRADOS

  • Cita de la fuente: The New York times website, July 27, 2009:
  • Información encontrada: obituary published July 24, 2009 (Lionel Casson; born Lionel I. Cohen on July 22, 1914 in Brooklyn, N.Y.; d. July 18, 2009 in Manhattan, N.Y.; scholar of classical literature and underwater archaeology; known for books about the history of ancient seafaring)

670 ## - FUENTE DE DATOS ENCONTRADOS

  • Cita de la fuente: Wikipedia, July 8, 2024
  • Información encontrada: (Lionel Casson; classicist, professor emeritus at New York University)